Základné prostriedky SSR v roku 1986

Guardado en:
Detalles Bibliográficos
Formato: Libro
Lenguaje:eslovaco
Publicado: Bratislava Slovenský štatistický úrad 1987
Etiquetas: Agregar Etiqueta
Sin Etiquetas, Sea el primero en etiquetar este registro!

MARC

LEADER 00000nam a2200000 4500
001 c023584
005 20240116074000.9
041 0 |a slo 
044 |a SK 
245 1 0 |a Základné prostriedky SSR v roku 1986 
264 1 |a Bratislava  |b Slovenský štatistický úrad  |c 1987 
300 |a 55 s.